000 01950nam a2200553 i 4500
001 25234
003 KOSZ 005
005 20200630115649.0
008 200630s1972 pl a f 001 0 pol
015 _aUWD 1974/4307
035 _a991030139499705066
035 _a(PL-WaBN)b18129237-48omnis_nlop
035 _ab18129237
035 _a(OCoLC)749496569
035 _a(PL)b0000001812923
035 _a(EXLNZ-48OMNIS_NETWORK)9910168085405606
040 _aWA N
_cWA N
_dKOSZ 005/AR
041 1 _apol
_heng
046 _k1972
080 _a54
080 _a(07)
245 0 0 _aChemia :
_bpodręcznik dla nauczyciela /
_ctłumaczyli z angielskiego Stefania Drabarek, Andrzej Szuchnik.
246 1 _iTytuł oryginału:
_aNuffield chemistry :
_bhandbook for teachers
260 _aWarszawa :
_bPaństwowe Zakłady Wydawnictw Szkolnych,
_c1972.
300 _a406, [1] strona :
_bilustracje ;
_c25 cm.
336 _aTekst
_btxt
_2rdacontent
337 _aBez urządzenia pośredniczącego
_bn
_2rdamedia
338 _aWolumin
_bnc
_2rdacarrier
380 _aKsiążki
380 _aPublikacje dydaktyczne
380 _aPublikacje naukowe
380 _aPublikacje fachowe
385 _aNauczyciele chemii
388 _a1901-2000
388 _a1945-1989
500 _aPraca zbiorowa Fundacji Nuffield-Nuffield Science Teaching Project.
504 _aBibliografia przy rozdziałach. Indeks.
650 7 _aChemia
_2DBN
655 7 _aPoradnik
_2DBN
655 7 _aPoradniki dla nauczycieli
_2DBN
658 _aChemia
658 _aEdukacja i pedagogika
700 1 _aDrabarek, Stefania
_d(1919-1999)
_eTłumaczenie
700 1 _aSzuchnik, Andrzej
_eTłumaczenie
710 _4pbl
_aPaństwowe Zakłady Wydawnictw Szkolnych
856 _uhttp://koha.tu.koszalin.pl/cgi-bin/koha/opac-detail.pl?biblionumber=25234
_yKatalog online BPK
942 _2UKD
_cKS
999 _c25234
_d25234